Les deux femmes de mademoiselle / (Record no. 158546)

MARC details
000 -LEADER
campo de control de longitud fija 00593nam a22001815i 4500
001 - NÚMERO DE CONTROL
campo de control 158546
003 - IDENTIFICADOR DE NÚMERO DE CONTROL
campo de control ES-MaACL
005 - FECHA Y HORA DE LA ÚLTIMA TRANSACCIÓN
campo de control 20230906211206.0
008 - DATOS DE LONGITUD FIJA--INFORMACIÓN GENERAL
campo de control de longitud fija 040901s1897 fr |||| | fre d
040 ## - FUENTE DE CATALOGACIÓN
Centro catalogador/agencia de origen CAM
Lengua de catalogación spa
Centro/agencia transcriptor CAM
100 1# - ENTRADA PRINCIPAL--NOMBRE DE PERSONA
Nombre de persona Maizeroy, René.
9 (RLIN) 129371
245 14 - MENCIÓN DEL TÍTULO
Título Les deux femmes de mademoiselle /
Mención de responsabilidad, etc. René Maizeroy.
250 ## - MENCION DE EDICION
Mención de edición Nouvelle éd.
260 ## - PUBLICACIÓN, DISTRIBUCIÓN, ETC.
Lugar de publicación, distribución, etc. Paris :
Nombre del editor, distribuidor, etc. Paul Ollendorff, éditeur,
Fecha de publicación, distribución, etc. 1897 (
Fabricante Imp. Ferd. Imbert)
300 ## - DESCRIPCIÓN FÍSICA
Extensión 348 p. ;
Dimensiones 18 cm.
650 #4 - PUNTO DE ACCESO ADICIONAL DE MATERIA--TÉRMINO DE MATERIA
Término de materia o nombre geográfico como elemento de entrada Novela francesa-
Subdivisión cronológica S.XIX.
9 (RLIN) 136607
852 ## - LOCALIZACIÓN
Ubicación ES-MaACL
Número de control de estantería C-3535
Nota libre -- Enc. hol., conservando la cub. original
Holdings
Estatus retirado Estado de pérdida Estado de daño No para préstamo Colección Biblioteca de origen Biblioteca actual Ubicación en estantería Fecha de adquisición Fuente de adquisición Total de préstamos Signatura topográfica completa Código de barras Visto por última vez Precio de reemplazo Tipo de ítem Koha
        Libros del s. XIX Biblioteca del Ateneo de Madrid Biblioteca del Ateneo de Madrid Sala Palomar 17/01/2008     C-3535 1165945 23/02/2023 23/02/2023 Libro impreso antiguo